[Event "LAT-ch"]
[Site "Riga"]
[Date "2023.05.01"]
[Round "4"]
[White "Batashevs, Arsens"]
[Black "Kazoks, Aivars E"]
[Result "1-0"]
[WhiteElo "2180"]
[BlackElo "1929"]
[PlyCount "67"]
[EventDate "2023.04.29"]
[EventType "swiss"]
[EventRounds "9"]
[EventCountry "LAT"]
[SourceTitle "EXT 2024"]
[Source "ChessBase"]
[SourceDate "2023.10.10"]
[SourceVersion "1"]
[SourceVersionDate "2023.10.10"]
[SourceQuality "1"]

1. Nf3 Nf6 2. c4 e6 3. b3 d5 4. e3 b6 5. Bb2 Bb7 6. Nc3 c5 7. cxd5 Nxd5 8. Qc2 Nd7 9. a3 N7f6 10. Bb5+ Ke7 11. 0-0 Ng4 12. h3 Nxc3 13. dxc3 Bxf3 14. hxg4 a6 15. Rad1 Bxd1 16. Rxd1 axb5 17. Rxd8 Rxd8 18. c4 bxc4 19. Qxc4 f6 20. g5 Kf7 21. gxf6 gxf6 22. Bxf6 Rd1+ 23. Kh2 Bd6+ 24. g3 Kxf6 25. Qh4+ Kf7 26. Qh5+ Ke7 27. Qxd1 b5 28. Qd3 Rb8 29. Qxh7+ Kd8 30. Qe4 Kd7 31. f4 Rb6 32. g4 Rc6 33. Qh7+ Be7 34. Qd3+ 1-0